Normal view
MARC view
Entry Término temático
001 - NÚMERO DE CONTROL
- campo de control: 88940
003 - IDENTIFICADOR DEL NÚMERO DE CONTROL
- campo de control: DO-SdBNP
005 - FECHA Y HORA DE LA ÚLTIMA TRANSACCIÓN
- campo de control: 20260202091523.0
008 - DATOS DE LONGITUD FIJA
- campo de control de longitud fija: 260202|| aca||aabn | a|a d
040 ## - FUENTE DE LA CATALOGACIÓN
- Centro catalogador/agencia de origen: DO-SdBNP
- Centro/agencia transcriptor: DO-SdBNP
150 ## - ENCABEZAMIENTO--TÉRMINO DE MATERIA
- Término de materia o nombre geográfico como elemento de entrada: Personalidad
- Subdivisión general: LIBRUNAM
670 ## - FUENTE DE DATOS ENCONTRADOS
- Cita de la fuente: Work cat.: (DO-SdBNP)44833: Sosa Sosa, Diego A., 1966- 3236, Tú eres la estrella II :, 2015.
